Ancient Water Supply and Management Systems in the Western Mediterranean

Saved in:

Other Authors: Castro García, María del Mar (Editor), Acero Pérez, Jesús (Editor), Gangale Risoleo, Davide (Editor), Felício, Catarina (Editor)

Format: Book

Published: Oxford Archaeopress Publishing Ltd 2025

Tags: Add Tag

No Tags, Be the first to tag this record!

Call Number:

LEADER 00840namaa2200205 4500
001 9781805830924
003 UkOxAP
005 20260405155019.0
020 |a 9781805830931 
776 1 |x 9781805830924 
245 0 0 |a Ancient Water Supply and Management Systems in the Western Mediterranean 
100 1 |a Castro García, María del Mar  |e Editor  |l English 
700 1 |a Acero Pérez, Jesús  |e Editor  |l English 
700 1 |a Gangale Risoleo, Davide  |e Editor  |l English 
700 1 |a Felício, Catarina  |e Editor  |l English 
856 4 2 |a http://library.arce.org:8087/Archaeopress/Products/9781805830931 
260 |a Oxford  |b Archaeopress Publishing Ltd  |c 2025 
270 |a Archaeopress Publishing Ltd, Summertown Pavillion, 18 -24 Middle Way, Summertown  |b Oxford  |d United Kingdom  |e OX2 7LG  |k 44-1865-311914  |m info@archaeopress.com 
942 |2 lcc  |c EBOOK 
999 |c 62160  |d 62160